| 000 | 01486cam a22003978i 4500 | ||
|---|---|---|---|
| 001 | ocn913572934 | ||
| 003 | OCoLC | ||
| 005 | 20170807133530.0 | ||
| 008 | 150706s2016 nyu 000 1 eng | ||
| 010 | _a 2015025894 | ||
| 020 | _a9780349407760 | ||
| 020 | _a9780399175169 | ||
| 020 | _a0399175164 | ||
| 020 | _a0349407762 | ||
| 035 |
_a(OCoLC)913572934 _z(OCoLC)927397465 |
||
| 040 |
_aDLC _beng _cDLC _dOCLCO _dYDXCP _dOCLCF _dOCLCO _dOCLCQ _dGK8 _dOCLCO _dATNSH _dQX9 _dFMA _dOI6 |
||
| 042 | _apcc | ||
| 049 | _aUOKA | ||
| 050 | 0 | 0 |
_aPS3568.O243 _bO25 2016 |
| 082 | 0 | 0 |
_a813/.54 _223 |
| 092 | _aFIC ROBERTS 2016 | ||
| 999 |
_c208091 _d208091 |
||
| 999 | _b03161365 | ||
| 100 | 1 |
_aRoberts, Nora, _eauthor. _921076 |
|
| 245 | 1 | 4 |
_aThe obsession / _cNora Roberts. |
| 250 | _aBerkley hardcover edition. | ||
| 264 | 1 |
_aNew York : _bBerkley Books, _c2016 |
|
| 300 |
_a453 pages ; _c24 cm |
||
| 336 | _atext | ||
| 337 | _aunmediated | ||
| 338 | _avolume | ||
| 520 | _aYears after discovering her father's predatory double life, successful photographer Naomi Bowes struggles to hide her painful past from her fellow residents in a community thousands of miles away, a situation that introduces her to a new relationship and forces her to confront her demons. | ||
| 650 | 0 |
_aMan-woman relationships _vFiction. _95674079 |
|
| 650 | 0 |
_aFathers and daughters _vFiction. _95673846 |
|
| 655 | 7 |
_aLove stories. _2gsafd _9102729 |
|
| 942 |
_2ddc _cBOOK |
||